[Event "Titled Tuesday intern op 19th Mar Early"]
[Site "Chess.com INT"]
[Date "2024.03.19"]
[Round "7"]
[White "Kniazev, Igor"]
[Black "Hernando Rodrigo, Julio Antonio"]
[Result "1/2-1/2"]
[WhiteElo "2036"]
[BlackElo "2223"]
[PlyCount "97"]
[EventDate "2024.03.19"]
[EventType "swiss (blitz)"]
[EventRounds "11"]
[EventCountry "USA"]
[SourceTitle "EXT 2025"]
[Source "ChessBase"]
[SourceDate "2024.10.14"]
[SourceVersion "1"]
[SourceVersionDate "2024.10.14"]
[SourceQuality "1"]

1. e4 e6 2. d4 d5 3. exd5 exd5 4. Bd3 Bd6 5. c4 dxc4 6. Bxc4 Ne7 7. Ne2 0-0 8. Nbc3 Nbc6 9. Ne4 Bf5 10. Nxd6 cxd6 11. 0-0 d5 12. Bb3 Rc8 13. Bg5 f6 14. Bh4 Na5 15. Re1 Nxb3 16. Qxb3 Qb6 17. Bg3 Bc2 18. Qxb6 axb6 19. Bd6 Rfe8 20. Nc3 Nf5 21. Rxe8+ Rxe8 22. Bc7 Nxd4 23. Bxb6 Ne2+ 24. Nxe2 Rxe2 25. b4 Kf7 26. a4 Bxa4 27. g4 Bc6 28. Kf1 Re4 29. f3 Rxb4 30. Bc5 Rb2 31. Bf2 d4 32. Rd1 Bxf3 33. Rxd4 Rb1+ 34. Be1 b5 35. Kf2 h5 36. gxh5 Bxh5 37. Rb4 Rxb4 38. Bxb4 Ke6 39. Ke3 Kd5 40. Kd3 f5 41. h4 Bg6 42. Bf8 f4+ 43. Kd2 Kc4 44. Bxg7 b4 45. Be5 b3 46. h5 Bxh5 47. Bxf4 b2 48. Kc2 b1Q+ 49. Kxb1 1/2-1/2

[Event "Titled Tuesday intern op 19th Mar Early"]
[Site "Chess.com INT"]
[Date "2024.03.19"]
[Round "6"]
[White "Yaniuk, Volodymyr"]
[Black "Kniazev, Igor"]
[Result "1-0"]
[WhiteElo "2223"]
[BlackElo "2036"]
[PlyCount "77"]
[EventDate "2024.03.19"]
[EventType "swiss (blitz)"]
[EventRounds "11"]
[EventCountry "USA"]
[SourceTitle "EXT 2025"]
[Source "ChessBase"]
[SourceDate "2024.10.14"]
[SourceVersion "1"]
[SourceVersionDate "2024.10.14"]
[SourceQuality "1"]

1. d4 Nf6 2. Bf4 c5 3. e3 e6 4. Nc3 d5 5. Nb5 Na6 6. a4 Be7 7. Nf3 0-0 8. c3 Nh5 9. Be5 f6 10. Bg3 Nxg3 11. hxg3 cxd4 12. exd4 Nc7 13. Bd3 g6 14. Qd2 Rf7 15. Qh6 Bf8 16. Qh4 Nxb5 17. Bxg6 Qe7 18. Bxf7+ Qxf7 19. axb5 Bd7 20. b6 a6 21. g4 e5 22. dxe5 Re8 23. Kf1 fxe5 24. Ng5 Qg6 25. Qxh7+ Qxh7 26. Nxh7 Bg7 27. g5 Re6 28. Nf6+ Bxf6 29. gxf6 Rxb6 30. b4 Rxf6 31. Rh5 Re6 32. Re1 Bb5+ 33. Kg1 e4 34. Rxd5 Bc4 35. Rd4 b5 36. Rdxe4 Rxe4 37. Rxe4 Kf7 38. f4 Bd3 39. Re5 1-0

[Event "Titled Tuesday intern op 05th Mar Late"]
[Site "Chess.com INT"]
[Date "2024.03.05"]
[Round "4"]
[White "Dubessay, Bastien"]
[Black "Kniazev, Igor"]
[Result "0-1"]
[WhiteElo "2255"]
[BlackElo "2036"]
[PlyCount "118"]
[EventDate "2024.03.05"]
[EventType "swiss (blitz)"]
[EventRounds "11"]
[EventCountry "USA"]
[SourceTitle "EXT 2025"]
[Source "ChessBase"]
[SourceDate "2024.10.14"]
[SourceVersion "1"]
[SourceVersionDate "2024.10.14"]
[SourceQuality "1"]

1. c4 Nf6 2. Nc3 e5 3. g3 Nc6 4. Bg2 Bc5 5. d3 0-0 6. Nf3 d6 7. 0-0 a5 8. Bg5 h6 9. Bxf6 Qxf6 10. Nd2 Nd4 11. Nde4 Qg6 12. e3 Nf5 13. Nxc5 dxc5 14. Nd5 c6 15. Nb6 Rb8 16. Qd2 Be6 17. Qxa5 Nh4 18. Qxc5 Nxg2 19. Kxg2 Qxd3 20. Rad1 Qf5 21. b3 Rbd8 22. Rd6 Qh3+ 23. Kg1 e4 24. Rfd1 Rxd6 25. Qxd6 Bg4 26. f4 Bxd1 27. Qxd1 h5 28. c5 h4 29. gxh4 f5 30. Nc4 Rf6 31. Ne5 Qxh4 32. Qd8+ Kh7 33. Qd1 Rh6 34. Qe2 Qh5 35. Qxh5 Rxh5 36. b4 Rh3 37. Nc4 Rh6 38. Kg2 Rg6+ 39. Kf2 Kg8 40. Ne5 Rh6 41. Kg2 Kf8 42. a4 Ke7 43. h3 Ke6 44. b5 g5 45. bxc6 bxc6 46. Nxc6 gxf4 47. exf4 Rg6+ 48. Kf2 Rh6 49. Nd4+ Kd5 50. Nxf5 Rf6 51. Ne3+ Kxc5 52. f5 Kd4 53. h4 Rb6 54. h5 Rb2+ 55. Kg3 Kxe3 56. h6 Kd3 57. h7 Rb8 58. Kg4 e3 59. f6 e2 0-1